| 000 -ლიდერი |
| ფიქსირებული სიგრძის საკონტროლო ველი |
01560nam a2200253Ia 4500 |
| 001 - საკონტროლო ნომერი |
| საკონტროლო ველი |
301 |
| 003 - საკონტროლო ნომრის იდენტიფიკატორი |
| საკონტროლო ველი |
GE_BSU |
| 005 - ბოლო ოპერაციის თარიღი და დრო |
| საკონტროლო ველი |
20200127164758.0 |
| 008 - ფიქსირებული სიგრძის მონაცემთა ელემენტები - ზოგადი ინფორმაცია |
| ფიქსირებული სიგრძის საკონტროლო ველი |
181216s||||||||xx |||||||||||||| ||und|| |
| 020 ## - წიგნის საერთაშორისო სტანდარტული ნომერი |
| International Standard Book Number |
9994085638 |
| 040 ## - კატალოგიზაციის წყარო |
| Transcribing agency |
GE_BSU |
| 041 ## - ენის კოდი |
| Language code of text/sound track or separate title |
geo |
| 080 ## - უნივერსალური ათობითი კლასიფიკაციის ინდექსი |
| Universal Decimal Classification number |
502(075.8) ბ-27 |
| 100 ## - მთავარი ჩანაწერი - პიროვნების სახელი |
| Personal name |
ბარნაველი, ნანა |
| 9 (RLIN) |
6418 |
| 245 ## - ცნობა სათაურის შესახებ |
| Title |
ბუნებისმცოდნეობა 1 :მითითებები მასწავლებლებისა და მშობლებისათვის : |
| Remainder of title |
პილოტირებულია...პროექტ "ილია ჭავჭავაძის" ფარგლებში 2005-2006 სასწ. წელს / |
| Statement of responsibility, etc |
ნანა ბარნაველი, თამარ გეგეჭკორი ; [რედ. ლელა აზნიაშვილი ; ილ.: სალომე პაიჭაძე და სხვ. ; ფოტ.: ალექსანდრე გავაშელაშვილი და სხვ.]. |
| 264 ## - წარმოების, გამოცემის, დისტრიბუციის და სხვა ცნობები |
| გამოცემის, წარმოების, დისტრიბუციის... ადგილი |
თბილისი : |
| გამოცემის, წარმოების, დისტრიბუციის... სახელწოდება |
ბუნება პრინტი, |
| გამოცემის, წარმოების, დისტრიბუციის... თარიღი |
2007. |
| 300 ## - ფიზიკური აღწერა |
| Extent |
140 გვ.: |
| Other physical details |
ილ. ; |
| Dimensions |
28 სმ. |
| 653 ## - INDEX TERM--UNCONTROLLED |
| Uncontrolled term |
ბუნებისმცოდნეობა |
| 700 ## - ADDED ENTRY--PERSONAL NAME |
| Personal name |
გეგეჭკორი, თამარ |
| Relator term |
ავტორი |
| 9 (RLIN) |
6419 |
| 700 ## - ADDED ENTRY--PERSONAL NAME |
| Personal name |
აზნიაშვილი, ლელა |
| Relator term |
რედაქტორი |
| 9 (RLIN) |
6420 |
| 700 ## - ADDED ENTRY--PERSONAL NAME |
| Personal name |
პაიჭაძე, სალომე |
| Relator term |
მხატვარი |
| 9 (RLIN) |
6421 |
| 942 ## - ADDED ENTRY ELEMENTS (KOHA) |
| Koha item type |
წიგნი |
| Source of classification or shelving scheme |
|